[Event "Titled Tue 1st Jul Early"]
[Site "chess.com INT"]
[Date "2025.07.01"]
[Round "5"]
[White "Karpenko, Anton"]
[Black "Ibrahimli, Murad"]
[Result "0-1"]
[WhiteTitle "CM"]
[BlackTitle "IM"]
[WhiteElo "2218"]
[BlackElo "2438"]
[WhiteFideId "34374353"]
[BlackFideId "13410229"]
[EventDate "2025.07.01"]

1. e4 c6 2. d4 d5 3. e5 Bf5 4. Nf3 e6 5. Be2 c5 6. c3 Nc6 7. O-O a6 8. Be3 c4 9.
Nbd2 b5 10. Ne1 h5 11. g3 g6 12. Ndf3 Bh6 13. Bxh6 Nxh6 14. h4 O-O 15. Qd2 Kg7
16. Ng2 Rb8 17. b3 Qa5 18. Rfc1 Rfc8 19. Ng5 b4 20. bxc4 dxc4 21. Nf4 bxc3 22.
Rxc3 Rd8 23. Bxh5 Nxd4 24. Qc1 Qxe5 25. Nf3 Qxf4 26. Qxf4 Ne2+ 27. Kh2 Nxf4 0-1

[Event "Titled Tue 1st Jul Early"]
[Site "chess.com INT"]
[Date "2025.07.01"]
[Round "5"]
[White "Garbuz, Vitaliy"]
[Black "Souleidis, Georgios"]
[Result "0-1"]
[WhiteTitle "CM"]
[BlackTitle "IM"]
[WhiteElo "2243"]
[BlackElo "2418"]
[WhiteFideId "12990710"]
[BlackFideId "4206827"]
[EventDate "2025.07.01"]

1. e4 c5 2. d4 cxd4 3. c3 d5 4. exd5 Nf6 5. Bb5+ Bd7 6. Bc4 g6 7. Nf3 dxc3 8.
Nxc3 Bg7 9. O-O O-O 10. Re1 Bg4 11. h3 Bxf3 12. Qxf3 Nbd7 13. Bf4 Rc8 14. Bb3
Nc5 15. Rad1 Nxb3 16. axb3 Re8 17. Be5 Nd7 18. Bxg7 Kxg7 19. d6 exd6 20. Rxe8
Qxe8 21. Qxb7 Rb8 22. Qd5 Nf6 23. Qd4 Rxb3 24. f4 Qe6 25. Qxa7 Rxb2 26. Qd4 Rc2
27. Kh2 h5 0-1

[Event "Titled Tue 1st Jul Early"]
[Site "chess.com INT"]
[Date "2025.07.01"]
[Round "5"]
[White "Zhukov, Ivan"]
[Black "Smieszek, Wojciech"]
[Result "0-1"]
[WhiteTitle "CM"]
[BlackTitle "CM"]
[WhiteElo "2044"]
[BlackElo "2141"]
[WhiteFideId "54114748"]
[BlackFideId "1156047"]
[EventDate "2025.07.01"]

1. d4 Nf6 2. c4 c5 3. d5 e6 4. Nc3 exd5 5. cxd5 d6 6. e4 g6 7. Be2 Bg7 8. Nf3
O-O 9. O-O Re8 10. Nd2 Nbd7 11. Re1 a6 12. a4 Ne5 13. Bf1 Rb8 14. h3 g5 15. Nc4
Nxc4 16. Bxc4 g4 17. h4 g3 18. fxg3 Bg4 19. Be2 Bxe2 20. Qxe2 b5 21. axb5 axb5
22. Bg5 b4 23. Nd1 h6 24. Bxf6 Qxf6 25. Nf2 Qxb2 26. Qg4 Kh8 27. Ra7 Rf8 28. Rf1
c4 29. Qf4 Qe5 30. Qf3 b3 31. Kh2 b2 32. Ng4 Qc3 33. Qf4 b1=Q 34. Rxb1 Rxb1 35.
Nxh6 Qc1 36. Nxf7+ Rxf7 37. Qxc1 Rxc1 38. Rxf7 c3 39. Rc7 Bd4 40. g4 Bc5 41. e5
c2 42. exd6 Rh1+ 43. Kxh1 c1=Q+ 44. Kh2 Bxd6+ 0-1

[Event "Titled Tue 1st Jul Early"]
[Site "chess.com INT"]
[Date "2025.07.01"]
[Round "5"]
[White "Sayce, Hannah"]
[Black "Fedorov, Artem Alek"]
[Result "0-1"]
[WhiteTitle "WCM"]
[BlackTitle "CM"]
[WhiteElo "1877"]
[BlackElo "2157"]
[WhiteFideId "3250695"]
[BlackFideId "34418431"]
[EventDate "2025.07.01"]

1. e4 c5 2. Nf3 e6 3. d4 cxd4 4. Nxd4 Nf6 5. Nc3 Nc6 6. a3 d6 7. g4 Nxd4 8. Qxd4
Nxg4 9. h3 Ne5 10. Bg2 Nc6 11. Qd3 Be7 12. Bf4 e5 13. Be3 Be6 14. O-O-O Rc8 15.
Nd5 Bg5 16. Kb1 Bxe3 17. Qxe3 O-O 18. h4 f5 19. exf5 Bxf5 20. Be4 Bxe4 21. Qxe4
Rxf2 22. Rhg1 Nd4 23. Qg4 Rf7 24. c3 Nf3 25. Rh1 Rc5 26. Ne3 e4 27. Qxe4 Re5 28.
Qd3 Re6 29. Rdf1 Ne5 30. Nf5 Nxd3 0-1

[Event "Titled Tue 1st Jul Early"]
[Site "chess.com INT"]
[Date "2025.07.01"]
[Round "5"]
[White "Jimenez Salas, Maria Teresa"]
[Black "Arya G Mallar"]
[Result "1-0"]
[WhiteTitle "WIM"]
[BlackTitle "WCM"]
[WhiteElo "2249"]
[BlackElo "2000"]
[WhiteFideId "3843866"]
[BlackFideId "25115324"]
[EventDate "2025.07.01"]

1. e4 c5 2. Nf3 d6 3. d4 cxd4 4. Nxd4 Nf6 5. f3 e5 6. Nb3 d5 7. Bg5 d4 8. c3 Nc6
9. cxd4 exd4 10. Bb5 Bb4+ 11. Bd2 Bxd2+ 12. Qxd2 O-O 13. Bxc6 bxc6 14. Qxd4 Ba6
15. Qxd8 Raxd8 16. Nc3 Nh5 17. Rd1 Nf4 18. Nc5 Bc4 19. Kf2 Nd3+ 20. Nxd3 Bxd3
21. Rd2 c5 22. b3 c4 23. bxc4 Bxc4 24. Rhd1 Rb8 25. Nd5 h6 26. Rc1 Ba6 27. Rc7
Rb7 28. Rxb7 Bxb7 29. Ne7+ Kh7 30. Rd7 Rb8 31. Nf5 Kg6 32. Nd6 Bc6 33. Rxa7 Rb2+
34. Kg3 f6 35. Nf5 Bb7 36. a4 h5 37. a5 Rb3 38. a6 Bxe4 39. Nxg7 Bd3 40. Ne6 Ra3
41. Nf4+ Kf5 42. Nxd3 Rxd3 43. Ra8 Ra3 44. a7 Ra2 45. Kh4 Rxg2 46. Rh8 Rxh2+ 47.
Kg3 Ra2 48. a8=Q h4+ 49. Kxh4 Rxa8 50. Rxa8 Kg6 51. Ra5 1-0

[Event "Titled Tue 1st Jul Early"]
[Site "chess.com INT"]
[Date "2025.07.01"]
[Round "5"]
[White "Kozak, Adam"]
[Black "Plichta, Kamil"]
[Result "1-0"]
[WhiteTitle "GM"]
[BlackTitle "FM"]
[WhiteElo "2589"]
[BlackElo "2361"]
[WhiteFideId "753246"]
[BlackFideId "1141830"]
[EventDate "2025.07.01"]

1. a3 g6 2. h4 h5 3. e4 Bg7 4. d4 d5 5. e5 c5 6. c3 cxd4 7. cxd4 Nc6 8. Nc3 Nh6
9. Be2 O-O 10. Nf3 Bg4 11. Bxh6 Bxh6 12. Ng5 Bxe2 13. Nxe2 e6 14. Nf3 Qb6 15.
Rb1 Rac8 16. b4 Ne7 17. Rg1 f5 18. g3 Kh7 19. Nf4 Rc3 20. Kf1 Rfc8 21. Kg2 Bxf4
22. gxf4 Rxa3 23. Rc1 Rcc3 24. Rxc3 Rxc3 25. Qa4 Nc6 26. Ng5+ Kh6 27. Nxe6 Qxb4
28. Qa2 Qc4 29. Qb2 Nxd4 30. Ng5 b5 31. e6 Rc2 32. Qa1 Qe2 33. Qxd4 Qg4+ 34. Kh2
Qxh4+ 35. Nh3 Kh7 36. Rg3 Rc7 37. Kg2 Re7 38. Ng5+ Kg8 39. Qf6 Re8 40. Qf7+ 1-0

[Event "Titled Tue 1st Jul Early"]
[Site "chess.com INT"]
[Date "2025.07.01"]
[Round "5"]
[White "Fernandez Siles, Luis"]
[Black "Daulet, Alikhan"]
[Result "0-1"]
[WhiteTitle "FM"]
[BlackTitle "CM"]
[WhiteElo "2170"]
[BlackElo "2075"]
[WhiteFideId "2209420"]
[BlackFideId "13741632"]
[EventDate "2025.07.01"]

1. e4 e6 2. d4 d5 3. e5 c5 4. c3 Nc6 5. Nf3 Nge7 6. Na3 Nf5 7. Nc2 Qa5 8. Bd3
cxd4 9. Bxf5 exf5 10. Ncxd4 Be6 11. O-O Be7 12. b4 Qd8 13. b5 Na5 14. Qd3 g6 15.
Bh6 Rc8 16. Rfe1 Qc7 17. Bg7 Rg8 18. Bf6 Qxc3 19. Qd1 Nc4 20. Ng5 Kd7 21. Ndxe6
fxe6 22. Qa4 Qa5 23. Qd1 Qd2 24. Qa4 Bxf6 25. exf6 Qxg5 26. Qxa7 Nd6 27. Qd4
Rgf8 28. h4 Qxf6 29. Qb6 Qxh4 30. a4 f4 31. a5 f3 32. gxf3 Qh3 33. a6 Rf5 34.
Ra4 Rg5+ 35. Rg4 Rxg4+ 36. fxg4 Qxg4+ 37. Kf1 Qh3+ 38. Kg1 Qg4+ 39. Kf1 Qc4+ 40.
Kg1 Qxb5 0-1

[Event "Titled Tue 1st Jul Early"]
[Site "chess.com INT"]
[Date "2025.07.01"]
[Round "5"]
[White "Rivera Huerta, Alberto"]
[Black "Dilmukhametov, Artur"]
[Result "1-0"]
[WhiteTitle "CM"]
[BlackTitle "FM"]
[WhiteElo "1994"]
[BlackElo "2276"]
[WhiteFideId "5106052"]
[BlackFideId "24179922"]
[EventDate "2025.07.01"]

1. d4 Nf6 2. Nc3 d5 3. Bf4 c5 4. e3 Bf5 5. f3 Nc6 6. g4 Bg6 7. h4 h6 8. h5 Bh7
9. Bd3 Bxd3 10. Qxd3 c4 11. Qd2 e6 12. O-O-O Bb4 13. Nge2 b5 14. Qe1 Ba5 15. Qg3
b4 16. Nb5 O-O 17. g5 c3 18. gxf6 Qxf6 19. Be5 Qg5 20. Qxg5 hxg5 21. h6 f6 22.
hxg7 Kxg7 23. Bc7 Bxc7 24. Nxc7 Rac8 25. Nxe6+ Kf7 26. Nxf8 Kxf8 27. Rh8+ Ke7
28. Rxc8 Kd7 29. Rxc6 Kxc6 30. bxc3 bxc3 31. Nxc3 a5 32. a4 Kb6 33. Rh1 Kc6 34.
Rh6 Kd7 35. Rxf6 Ke7 36. Nxd5+ Kd7 37. e4 Ke8 38. e5 g4 39. fxg4 Kd8 40. g5 Kd7
41. g6 Ke8 42. Rf7 Kd8 43. g7 Ke8 44. g8=Q# 1-0

[Event "Titled Tue 1st Jul Early"]
[Site "chess.com INT"]
[Date "2025.07.01"]
[Round "5"]
[White "Bukreev, Stanislav"]
[Black "Lyakh, Vasiliy"]
[Result "1-0"]
[WhiteTitle "FM"]
[WhiteElo "2305"]
[BlackElo "2123"]
[WhiteFideId "34252347"]
[BlackFideId "14189828"]
[EventDate "2025.07.01"]

1. d4 Nf6 2. c4 e6 3. Nf3 b6 4. g3 Ba6 5. Qc2 c5 6. d5 exd5 7. cxd5 Bb7 8. Bg2
Nxd5 9. O-O Nc6 10. Rd1 Be7 11. Qf5 Nc7 12. Ne5 Nxe5 13. Bxb7 Rb8 14. Qxe5 Rxb7
15. Qxg7 Bf6 16. Qg4 Qe7 17. Nc3 h5 18. Qf3 Rb8 19. Bf4 Be5 20. Nd5 Nxd5 21.
Rxd5 d6 22. Bxe5 dxe5 23. Rad1 Rh6 24. Qf5 Re6 25. Qxh5 Qf6 26. Qh7 Kf8 27. Rd7
e4 28. e3 Ra8 29. R1d5 Qg7 30. Rd8+ Re8 31. Qh4 Raxd8 32. Rxd8 f6 33. Rxe8+ Kxe8
34. Qxe4+ Kd7 35. h4 Kc7 36. h5 1-0

[Event "Titled Tue 1st Jul Early"]
[Site "chess.com INT"]
[Date "2025.07.01"]
[Round "5"]
[White "Pranav, V"]
[Black "Mendonca, Leon Luke"]
[Result "1-0"]
[WhiteTitle "GM"]
[BlackTitle "GM"]
[WhiteElo "2594"]
[BlackElo "2603"]
[WhiteFideId "25060783"]
[BlackFideId "35028561"]
[EventDate "2025.07.01"]

1. e4 c6 2. d4 d5 3. e5 Bf5 4. Nf3 e6 5. Be2 a5 6. O-O a4 7. Nc3 Nd7 8. h3 h6 9.
a3 Ne7 10. Re1 Nc8 11. Bf1 b5 12. Ne2 Ncb6 13. Ng3 Bg6 14. h4 Nc4 15. Bd3 Bxd3
16. cxd3 Na5 17. Be3 Be7 18. h5 O-O 19. Rc1 Qb6 20. Nd2 Rfc8 21. Qg4 Kh8 22. f4
f5 23. exf6 Nxf6 24. Qxe6 Re8 25. Qf7 Bf8 26. Nf3 Ng4 27. Ne5 Nxe3 28. Rxe3 Qxd4
29. Nf5 Qxb2 30. Rc2 Qa1+ 31. Kh2 b4 32. Ng6+ Kh7 33. Rxe8 1-0

[Event "Titled Tue 1st Jul Early"]
[Site "chess.com INT"]
[Date "2025.07.01"]
[Round "5"]
[White "Boyer, Mahel"]
[Black "Chiang, Jacob"]
[Result "0-1"]
[WhiteTitle "GM"]
[WhiteElo "2542"]
[BlackElo "2032"]
[WhiteFideId "45102422"]
[BlackFideId "30962331"]
[EventDate "2025.07.01"]

1. Nf3 c5 2. e4 Nc6 3. Bc4 e6 4. Qe2 Nf6 5. Nc3 Be7 6. e5 Ng4 7. h3 Nh6 8. g4
O-O 9. d3 d5 10. exd6 Qxd6 11. Bxh6 gxh6 12. Qe3 e5 13. Ne4 Qg6 14. O-O-O Be6
15. Nxc5 Bxc4 16. dxc4 Nd4 17. Ne4 Nxf3 18. Qxf3 Rac8 19. b3 Rfd8 20. h4 Rxd1+
21. Rxd1 Bxh4 22. Rd7 b6 23. Rd6 Bg5+ 24. Kb2 Qg7 25. Qf5 Re8 26. Rd7 Qg6 27.
Rxa7 Qxf5 28. gxf5 Bd8 29. Ra8 Kg7 30. Nd6 Rf8 31. Ne4 h5 32. Ra7 h4 33. Rd7 Kh6
34. Rd3 Kh5 35. f3 h3 36. Rd1 Kh4 37. Rh1 Rg8 38. a4 Rg2 39. b4 h2 0-1

[Event "Titled Tue 1st Jul Early"]
[Site "chess.com INT"]
[Date "2025.07.01"]
[Round "5"]
[White "Sarasketa Irastortza, Oier"]
[Black "Lazavik, Denis"]
[Result "0-1"]
[WhiteTitle "CM"]
[BlackTitle "GM"]
[WhiteElo "2140"]
[BlackElo "2580"]
[WhiteFideId "54728207"]
[BlackFideId "13515110"]
[EventDate "2025.07.01"]

1. d4 Nf6 2. c4 g6 3. g3 Bg7 4. Bg2 O-O 5. Nc3 d6 6. Nf3 c5 7. O-O Nc6 8. dxc5
dxc5 9. Be3 Qa5 10. Qa4 Qxa4 11. Nxa4 b6 12. Rac1 Bd7 13. Nc3 Rac8 14. Rfd1 Rfd8
15. h3 Ne8 16. b3 Kf8 17. Nb5 Nc7 18. Nxc7 Rxc7 19. Rd2 Rcc8 20. Rcd1 Ke8 21.
Ng5 Nd4 22. Bxd4 cxd4 23. e3 Bh6 24. f4 dxe3 25. Rd3 Bxg5 26. fxg5 e2 27. Re1 b5
28. c5 Rxc5 29. Rxe2 Be6 30. Rxd8+ Kxd8 31. Rd2+ Kc7 32. Kf2 Rxg5 33. Rc2+ Kd8
34. h4 Rf5+ 35. Ke3 Re5+ 36. Kd4 f6 37. Bc6 b4 38. Be4 Rxe4+ 0-1

[Event "Titled Tue 1st Jul Early"]
[Site "chess.com INT"]
[Date "2025.07.01"]
[Round "5"]
[White "Bristy, Mukherjee"]
[Black "Keatinge-Clay, Adrian"]
[Result "1-0"]
[WhiteTitle "WFM"]
[BlackTitle "FM"]
[WhiteElo "2031"]
[BlackElo "2232"]
[WhiteFideId "25077325"]
[BlackFideId "2011867"]
[EventDate "2025.07.01"]

1. Nc3 d5 2. d4 c5 3. Nf3 Nc6 4. Bf4 a6 5. e3 Nf6 6. dxc5 e6 7. a3 Bxc5 8. Be2
O-O 9. h3 b5 10. O-O Bb7 11. b4 Bb6 12. a4 Nxb4 13. axb5 axb5 14. Rxa8 Bxa8 15.
Nxb5 Ne4 16. Nd2 Bc5 17. Nxe4 dxe4 18. Nd4 Nd5 19. Bg3 Nc3 20. Qd2 Bxd4 21. Rd1
Nxd1 22. exd4 Nb2 23. Qb4 e3 24. Qxb2 exf2+ 25. Kxf2 Qf6+ 26. Kg1 Qg5 27. Qa3
Rd8 28. Qd3 Qd5 29. Bf3 Qa5 30. Bh4 Rc8 31. c4 Bxf3 32. gxf3 Qa1+ 33. Kg2 Qb2+
34. Bf2 Qb4 35. c5 Qb7 36. Qe3 h6 37. Bg3 Qd5 38. h4 Ra8 39. Bf2 Ra2 40. Qf4 Kh7
41. Kg3 f5 42. Be3 Qb3 43. Bf2 Qc2 44. Qe3 Qc4 45. h5 Qd5 46. Qf4 Re2 47. Kg2
Qa2 48. Qg3 f4 49. Qg6+ 1-0

[Event "Titled Tue 1st Jul Early"]
[Site "chess.com INT"]
[Date "2025.07.01"]
[Round "5"]
[White "Bologan, Victor"]
[Black "Xie, Bryan"]
[Result "1-0"]
[WhiteTitle "GM"]
[BlackTitle "FM"]
[WhiteElo "2601"]
[BlackElo "2358"]
[WhiteFideId "13900048"]
[BlackFideId "30941296"]
[EventDate "2025.07.01"]

1. e4 c5 2. Nf3 e6 3. d3 Nc6 4. g3 Nf6 5. Bg2 d5 6. Qe2 Be7 7. O-O O-O 8. e5 Nd7
9. c4 Nb6 10. h4 f6 11. Bf4 fxe5 12. Bxe5 Bf6 13. Bxf6 Qxf6 14. Nc3 Nd4 15. Nxd4
cxd4 16. Nb5 dxc4 17. dxc4 e5 18. c5 Nd7 19. Rac1 Rb8 20. Nxa7 Kh8 21. b4 Re8
22. Qb5 Re7 23. Nxc8 Rxc8 24. Bxb7 Rc7 25. Be4 Rf7 26. Qd3 g5 27. h5 g4 28. c6
Nb6 29. Qb5 Nc8 30. Rc5 Nd6 31. Qd3 Qg5 32. b5 Rc8 33. b6 Rcf8 34. c7 Qxh5 35.
Bg2 Qh6 36. Rxe5 Nc8 37. Qxd4 Qxb6 38. Qxb6 Nxb6 39. Rc5 Rc8 40. Rfc1 Na4 41.
R5c2 1-0

[Event "Titled Tue 1st Jul Early"]
[Site "chess.com INT"]
[Date "2025.07.01"]
[Round "5"]
[White "Dudzinski, Pawel"]
[Black "Goryachkina, Aleksandra"]
[Result "0-1"]
[WhiteTitle "FM"]
[BlackTitle "GM"]
[WhiteElo "2191"]
[BlackElo "2533"]
[WhiteFideId "1117890"]
[BlackFideId "4147103"]
[EventDate "2025.07.01"]

1. e4 c5 2. c4 Nc6 3. Nc3 e6 4. Nf3 Nd4 5. d3 Ne7 6. Nxd4 cxd4 7. Ne2 Nc6 8. a3
a5 9. b3 Bc5 10. f4 O-O 11. g3 d5 12. cxd5 exd5 13. e5 Ne7 14. Bg2 Nf5 15. O-O
Re8 16. h3 f6 17. exf6 Qxf6 18. Bxd5+ Be6 19. Be4 Qf7 20. Rb1 Bd5 21. Bxd5 Qxd5
22. Rf2 Re6 23. Kh2 Rd8 24. b4 axb4 25. axb4 Bb6 26. Qb3 Qxb3 27. Rxb3 Rc8 28.
Rb2 Rxe2 29. Rfxe2 Rxc1 30. Rbc2 Rd1 31. Rc8+ Kf7 32. Rb8 Nd6 33. Re5 Rxd3 34.
Rd5 Bc7 35. Rc5 Bxb8 0-1

[Event "Titled Tue 1st Jul Early"]
[Site "chess.com INT"]
[Date "2025.07.01"]
[Round "5"]
[White "Gattani, Sarthak"]
[Black "Aalto, Patrik"]
[Result "1/2-1/2"]
[BlackTitle "FM"]
[WhiteElo "1944"]
[BlackElo "2316"]
[WhiteFideId "30995965"]
[BlackFideId "510726"]
[EventDate "2025.07.01"]

1. d4 Nf6 2. c4 e6 3. Nf3 d5 4. Nc3 Bb4 5. e3 O-O 6. Bd2 b6 7. cxd5 exd5 8. Bd3
Bb7 9. a3 Bd6 10. O-O Nbd7 11. Qc2 h6 12. e4 dxe4 13. Nxe4 Nxe4 14. Bxe4 Bxe4
15. Qxe4 Nf6 16. Qc2 c5 17. Be3 Rc8 18. dxc5 Bxc5 19. Bxc5 Rxc5 20. Qa4 Qc7 21.
Rad1 Rc8 22. h3 Rc2 23. Qd4 Qc5 24. b4 Qxd4 25. Nxd4 Ra2 26. Rd3 Ne4 27. Nb5 a6
28. Nd6 Rd8 29. Rfd1 Nxf2 30. R3d2 Nxd1 31. Rxa2 Rxd6 32. Rc2 Ne3 33. Rc8+ Kh7
34. Ra8 b5 35. Re8 Nc4 36. Re7 Kg6 37. Kf2 Nxa3 38. Re3 Nc4 39. Rb3 Kf5 40. Rb1
Rd2+ 41. Kf3 Rd3+ 42. Kf2 Ke4 43. Re1+ Re3 44. Rd1 Rd3 45. Rb1 Kd4 46. Ke2 Rd2+
47. Kf3 Rb2 48. Rd1+ Kc3 49. Rd7 Kxb4 50. Rxf7 Ne5+ 51. Ke4 Nxf7 52. Kf5 a5 53.
Kg6 Rxg2+ 54. Kh7 g5 55. Kg8 g4 56. Kh7 gxh3 1/2-1/2

[Event "Titled Tue 1st Jul Early"]
[Site "chess.com INT"]
[Date "2025.07.01"]
[Round "5"]
[White "Viskelis, Darius"]
[Black "Yatskar, Martin"]
[Result "0-1"]
[WhiteTitle "FM"]
[BlackTitle "CM"]
[WhiteElo "2146"]
[BlackElo "2225"]
[WhiteFideId "12800830"]
[BlackFideId "34109676"]
[EventDate "2025.07.01"]

1. e4 e5 2. Nf3 Nc6 3. Bb5 a6 4. Ba4 Nf6 5. O-O d6 6. Re1 Bd7 7. c3 g6 8. d4 Bg7
9. Bg5 O-O 10. Nbd2 b5 11. Bb3 h6 12. Bh4 g5 13. Bg3 exd4 14. Nxd4 Na5 15. Bc2
c5 16. Nf5 Bxf5 17. exf5 Nb7 18. Ne4 Re8 19. Nxf6+ Qxf6 20. Be4 Rab8 21. Bxb7
Rxe1+ 22. Qxe1 Rxb7 23. Qe8+ Bf8 24. Rd1 Re7 25. Qc8 Kg7 26. h3 Re2 27. Qxa6
Rxb2 28. Bxd6 Bxd6 29. Qxd6 Qxf5 30. Rd2 Rb1+ 31. Kh2 Re1 32. Qd3 Qf4+ 33. g3
Qe5 34. a3 Ra1 35. Qf3 Qe1 36. h4 Qxd2 0-1

[Event "Titled Tue 1st Jul Early"]
[Site "chess.com INT"]
[Date "2025.07.01"]
[Round "5"]
[White "Dragnev, Valentin"]
[Black "Dyulgerov, Volen"]
[Result "1-0"]
[WhiteTitle "GM"]
[BlackTitle "CM"]
[WhiteElo "2547"]
[BlackElo "2181"]
[WhiteFideId "1634852"]
[BlackFideId "2918978"]
[EventDate "2025.07.01"]

1. e4 e5 2. Nf3 d5 3. exd5 e4 4. Qe2 Nf6 5. d3 Qxd5 6. Nbd2 Nc6 7. Nxe4 Be6 8.
Nxf6+ gxf6 9. Qe4 Qa5+ 10. Bd2 Bb4 11. c3 Bd6 12. Be2 Rg8 13. O-O Rg4 14. Qxh7
O-O-O 15. b4 Qa4 16. Nd4 Rxd4 17. cxd4 Nxd4 18. Bd1 Qc6 19. Rc1 Qd5 20. Qe4 Qxa2
21. Be3 Rh8 22. g3 Bd5 23. Qxd4 Bxg3 24. Qg4+ Kb8 25. Qxg3 Bc6 26. Bf3 Bxf3 27.
Qxc7+ Ka8 28. Qc8+ 1-0

[Event "Titled Tue 1st Jul Early"]
[Site "chess.com INT"]
[Date "2025.07.01"]
[Round "5"]
[White "Szpar, Milosz"]
[Black "Ivannikov, Maksim"]
[Result "0-1"]
[WhiteTitle "IM"]
[BlackTitle "CM"]
[WhiteElo "2490"]
[BlackElo "2184"]
[WhiteFideId "1184989"]
[BlackFideId "34275339"]
[EventDate "2025.07.01"]

1. e4 e5 2. Nf3 Nc6 3. Bb5 a6 4. Ba4 Nf6 5. O-O Be7 6. d3 b5 7. Bb3 O-O 8. a4 b4
9. a5 d6 10. Nbd2 Rb8 11. h3 Be6 12. Nc4 Re8 13. Re1 Bf8 14. Be3 d5 15. exd5
Bxd5 16. Bg5 h6 17. Bh4 Bxf3 18. Qxf3 Nd4 19. Qd1 Nxb3 20. cxb3 Rb5 21. Qf3 Re6
22. Re2 Qd4 23. Bg3 Nd7 24. Rae1 Rd5 25. Re4 Qxd3 26. R4e3 Qd4 27. Re4 Qc5 28.
Ne3 Rd3 29. Rc4 Qxa5 30. Qe2 Rxb3 31. Qc2 Qa2 32. Rxc7 Rxb2 33. Qf5 Rd2 34. Nc4
Rd4 35. Nxe5 Rf6 36. Qh5 Nxe5 37. Qxe5 Qd2 38. Rc8 Rd8 39. Rxd8 Qxd8 40. Bh4 g5
41. Bg3 Re6 42. Qa1 Rxe1+ 43. Qxe1 Qd3 44. Qe8 b3 45. Be5 b2 46. Bxb2 Qb1+ 0-1

[Event "Titled Tue 1st Jul Early"]
[Site "chess.com INT"]
[Date "2025.07.01"]
[Round "5"]
[White "Sobek, Jaroslav"]
[Black "Sagalchik, Gennadij"]
[Result "1-0"]
[WhiteTitle "FM"]
[BlackTitle "GM"]
[WhiteElo "2195"]
[BlackElo "2434"]
[WhiteFideId "301388"]
[BlackFideId "2007916"]
[EventDate "2025.07.01"]

1. d4 Nf6 2. c4 c5 3. d5 b5 4. cxb5 a6 5. e3 g6 6. Nc3 Bg7 7. a4 O-O 8. Nf3 d6
9. Ra3 Bf5 10. Nd2 Bg4 11. f3 Bd7 12. e4 axb5 13. Nxb5 Na6 14. Be2 Nb4 15. O-O
Ne8 16. Nc4 Nc7 17. Nxc7 Qxc7 18. b3 Rfb8 19. Qd2 e5 20. dxe6 fxe6 21. Rd1 d5
22. exd5 exd5 23. Ne3 Be6 24. Bb2 Bh6 25. Nxd5 Bxd2 26. Nxc7 Be3+ 27. Kf1 Bf5
28. Nxa8 Rxa8 29. Bc4+ Kf8 30. Bc3 Nc2 31. Ra2 Re8 32. g4 Bc8 33. Rxc2 Bf4 34.
Re2 Bb7 35. Rxe8+ Kxe8 36. Kg2 h5 37. Re1+ Kf8 38. h3 1-0

[Event "Titled Tue 1st Jul Early"]
[Site "chess.com INT"]
[Date "2025.07.01"]
[Round "5"]
[White "Vedant Rupeshbhai Varasada"]
[Black "De Lomas Busquets, Alba"]
[Result "0-1"]
[WhiteTitle "CM"]
[BlackTitle "WCM"]
[WhiteElo "2044"]
[BlackElo "1997"]
[WhiteFideId "25156527"]
[BlackFideId "24585289"]
[EventDate "2025.07.01"]

1. e4 c5 2. Nf3 d6 3. d4 cxd4 4. Nxd4 Nf6 5. Nc3 g6 6. Be3 Bg7 7. f3 Nbd7 8. Qd2
h5 9. O-O-O a6 10. Bc4 b5 11. Bb3 Bb7 12. Rhe1 Rc8 13. Kb1 Ne5 14. Nd5 Nxd5 15.
exd5 Nc4 16. Bxc4 Rxc4 17. b3 Rc7 18. Ne2 Qc8 19. Bb6 Rd7 20. Bd4 Bxd4 21. Qxd4
O-O 22. h4 Qc5 23. Qd3 Rc8 24. g4 Rdc7 25. c3 hxg4 26. fxg4 Qf2 27. h5 Qf6 28.
Rf1 Qg7 29. Rf2 Rc5 30. Qe4 Qe5 31. Qh1 Bxd5 32. Qh3 Be4+ 33. Kb2 b4 34. hxg6
bxc3+ 0-1

[Event "Titled Tue 1st Jul Early"]
[Site "chess.com INT"]
[Date "2025.07.01"]
[Round "5"]
[White "Lazaro Azcutia, Miguel"]
[Black "Kopczynski, Michal"]
[Result "1-0"]
[WhiteTitle "CM"]
[BlackTitle "CM"]
[WhiteElo "2275"]
[BlackElo "2225"]
[WhiteFideId "54538254"]
[BlackFideId "1124200"]
[EventDate "2025.07.01"]

1. e4 b6 2. d4 Bb7 3. Bd3 e6 4. Qe2 Nf6 5. Nf3 d5 6. e5 Nfd7 7. c3 c5 8. O-O Nc6
9. a3 Qc7 10. b4 c4 11. Bc2 h6 12. Nbd2 O-O-O 13. a4 Re8 14. Re1 f5 15. h4 Be7
16. Nf1 Reg8 17. Ng3 g5 18. h5 f4 19. Nf1 g4 20. N3h2 f3 21. Qd1 fxg2 22. Kxg2
Bg5 23. Ng3 Ne7 24. Nxg4 Bxc1 25. Rxc1 Rg5 26. Kh2 Rhg8 27. Nxh6 R8g7 28. Qd2
Qd8 29. Nf7 Rxh5+ 30. Nxh5 Rxf7 31. Ng3 Nf8 32. Kg2 Nfg6 33. Rh1 Qg8 34. Qh6
Nf4+ 35. Kf1 Neg6 36. Bxg6 Nxg6 37. Nh5 Rh7 38. Qg5 Qf7 39. Qf6 Qe8 40. Rg1 Nf8
41. Rg8 Qxh5 42. Qxf8+ Kd7 43. Qd6# 1-0

[Event "Titled Tue 1st Jul Early"]
[Site "chess.com INT"]
[Date "2025.07.01"]
[Round "5"]
[White "Predein, Vladimir"]
[Black "Huschenbeth, Niclas"]
[Result "0-1"]
[WhiteTitle "IM"]
[BlackTitle "GM"]
[WhiteElo "2373"]
[BlackElo "2591"]
[WhiteFideId "4117786"]
[BlackFideId "24604747"]
[EventDate "2025.07.01"]

1. e4 c6 2. d4 d5 3. e5 Bf5 4. Nf3 e6 5. Be2 Ne7 6. O-O a5 7. a4 h6 8. c3 Bh7 9.
Nbd2 Nd7 10. Ne1 Nf5 11. Nd3 Be7 12. h3 O-O 13. g4 Nh4 14. f4 f6 15. Nf3 Nxf3+
16. Bxf3 fxe5 17. fxe5 c5 18. Be3 c4 19. Nf4 Bg5 20. Bg2 Qb6 21. Qd2 Rf7 22. Rf2
Raf8 23. Raf1 Bxf4 24. Rxf4 Rxf4 25. Rxf4 Rxf4 26. Bxf4 Qb3 27. g5 h5 28. Qe2
Bg6 29. Bf3 Qxa4 30. Kg2 Qa1 31. Bxh5 Bxh5 32. Qxh5 Qxb2+ 33. Kf3 Qxc3+ 34. Be3
Qd3 35. Qe8+ Nf8 36. Qc8 b5 37. h4 b4 38. h5 Qd1+ 39. Kf2 Qxh5 40. Qc5 b3 41.
Qxa5 Qh2+ 42. Kf3 Qh3+ 43. Ke2 b2 44. Qb4 Qg2+ 45. Bf2 Qe4+ 46. Kd2 b1=Q 0-1